| 000 | 00603nam a22002057a 4500 | ||
|---|---|---|---|
| 999 |
_c4146 _d4146 |
||
| 003 | OSt | ||
| 005 | 20220318082354.0 | ||
| 008 | 220318b ||||| |||| 00| 0 eng d | ||
| 020 | _a- | ||
| 040 | _cALUPE UNIVERSITY | ||
| 050 |
_aBJ102 _b.H37 1970 |
||
| 100 | _aAlbert Josiah Harris; Edward R Sipay | ||
| 245 | _aHow to increase reading ability | ||
| 250 | _a 8th edition | ||
| 260 |
_aNew York _b Longman, _c©1985. |
||
| 300 |
_axxi, 825 pages _c25 cm _f illustrations |
||
| 500 | _a Includes indexes. | ||
| 650 |
_2 _a Developmental reading. Reading -- Remedial teaching. |
||
| 942 |
_2lcc _cBK _nDO |
||